000 00339nam a2200145Ia 4500
008 150201s2010 xx 000 0 und d
082 _a571.1
_bI10S
100 _aSAIGAL , SEEMA
245 _aINTRODUCTORY BIOLOGY
250 _a1ST
260 _bVIKAS PUBLICATION
_aNOIDA
_c2010
300 _a1-202
650 _aBIOLOGY
942 _2ddc
_cBK
999 _c1375
_d1375